Score 0/8 Timer 03:00
2 Plays Today
Question Answer Wrong Answers
Father of... Luke Skywalker
99.4%
Kylo Ren
0.2%
Boba Fett
0.1%
Owen Lars
0.2%
Father of... Leia Organa
97.2%
Jyn Erso
1.1%
Rey
1.5%
Father of... Kylo Ren
96.8%
Luke Skywalker
0.7%
Boba Fett
0.3%
Owen Lars
0.5%
Father is never named... Rey
94.8%
Leia Organa
0.5%
Jyn Erso
2.9%
Father (via cloning) of... Boba Fett
93.7%
Luke Skywalker
0.5%
Kylo Ren
3.1%
Owen Lars
2%
Father of... Jyn Erso
86.4%
Leia Organa
0.7%
Rey
11.9%
Father of... Owen Lars
79.2%
Luke Skywalker
14.2%
Kylo Ren
4.3%
Boba Fett
0.7%
Adoptive Father of... Leia Organa
75.8%
Jyn Erso
9.3%
Rey
13.7%
Remove Ads.
Support Sporcle.
Get the best of Sporcle when you Go Orange. This ad-free experience offers more features, more stats, and more fun while also helping to support Sporcle. Thank you for becoming a member.

You're not logged in!

Compare scores with friends on all Sporcle quizzes.
OR
Log In

Show Comments

Extras

Top Quizzes Today


Score Distribution

Your Account Isn't Verified!

In order to create a playlist on Sporcle, you need to verify the email address you used during registration. Go to your Sporcle Settings to finish the process.

Report this User

Report this user for behavior that violates our Community Guidelines.

Details: